000 00798nam a2200229 i 4500
001 87770
003 ES-MaACL
005 20251005063058.0
007 t|
008 041223s1962 sp ||||1| spa d
100 1 _aLaborde, Enrique,
_d1918-2002
_969248
245 1 0 _aViaje al calor /
_cEnrique Laborde ; ilustraciones de Lorenzo Goñi, Antonio Mingote y Chumy Chúmez.
260 _aMadrid :
_b[s.n.],
_c1962.
300 _a270 p. :
_bil. ;
_c27 cm.
490 1 _aColección "Vivir para Ver" ;
_v1
700 1 _aGoñi, Lorenzo,
_d1911-1992
_959083
700 1 _aMingote, Antonio,
_d1919-2012
_9240761
700 1 _aChumy-Chúmez,
_d1927-2003
_938700
830 0 _aColección "Vivir para Ver" ;
_v1
_9231800
852 _aES-MaACL
_jP-656-bis
_bR.51140
999 _c87770
_d87770